| 000 | 01473nas a22003015i 4500 | ||
|---|---|---|---|
| 001 | 3091-4825 | ||
| 003 | DE-He213 | ||
| 005 | 20260304140720.0 | ||
| 007 | cr nn 008mamaa | ||
| 008 | 250905s||||||||xxkuu poo|||||| b|EN |d | ||
| 022 | _a3091-4825 | ||
| 024 | 7 |
_a44526 _2local |
|
| 210 | 1 | 0 | _anpj Energy Syst. Resil. |
| 245 | 1 | 0 |
_anpj Energy Systems and Resilience _h[electronic resource] / _cedited by Timothy Tella. |
| 264 | 1 |
_aLondon : _bNature Publishing Group UK : _bImprint: Nature Portfolio. |
|
| 300 | _bonline resource. | ||
| 520 | _aNPJ Electrical Systems and Resilience is a peer-reviewed, open-access journal dedicated to advancing the science and engineering of secure, adaptive, and intelligent electrical systems. The journal provides a platform for innovative research that enhances the reliability, efficiency, and resilience of modern power infrastructures in the face of evolving technological, environmental, and cyber challenges. | ||
| 650 | 0 |
_aElectronic circuit design. _917149 |
|
| 650 | 0 | _aElectronic circuits. | |
| 650 | 0 | _aElectrical engineering. | |
| 650 | 1 | 4 |
_aElectronics Design and Verification. _917150 |
| 650 | 2 | 4 | _aElectronic Circuits and Systems. |
| 650 | 2 | 4 | _aElectrical and Electronic Engineering. |
| 700 | 1 |
_aTella, Timothy. _eeditor. _4edt _4http://id.loc.gov/vocabulary/relators/edt _924201 |
|
| 710 | 2 | _aSpringerLink (Online service) | |
| 856 | 4 | 0 |
_uhttps://www.nature.com/npjelectsysres _zOpen Access |
| 999 |
_c579941 _d579941 |
||